Yüklüyor......

ASOKA THE KING AND THE MAN

Detaylı Bibliyografya
Yazar: KURIAN KUMAR THAPLYAL
Materyal Türü: Printed Book
Baskı/Yayın Bilgisi: NEW DELHI ARYAN BOOKS INTERNATIONAL 2012
LEADER 00401nam a2200169 4500
020
082
100 |a KURIAN KUMAR THAPLYAL 
245 |a ASOKA THE KING AND THE MAN  |h English 
250
260 |a NEW DELHI  |b ARYAN BOOKS INTERNATIONAL  |c 2012 
300
650
700
942 |c BK 
999 |c 151140  |d 151140 
952 |0 0  |1 0  |4 0  |7 0  |9 164600  |a ORI  |b ORI  |l 0  |p ORI5850  |r 2019-10-25  |w 2019-10-25  |y BK